000 00521pab a2200193 454500
008 180718b2010 xxu||||| |||| 00| 0 eng d
100 _aPandya, N.K.
245 _aAssessment of entrepreneurship policies: a case of credit guarantee scheme in India
260 _c2010
300 _ap.22-28.
362 _aApr-Sep
650 _aEntrepreneurs - India
650 _aCredit - India
650 _aCredit
700 _aMiroga, Bichanga
773 _aJournal of Accounting and Finance
908 _aN
909 _a87713
999 _c87713
_d87713